000 01344cam a22003377a 4500
001 1570
005 20230907101036.0
020 _a9780545850070
040 _aYDXCP
_beng
_cYDXCP
_dBTCTA
_dBDX
_dO2C
_dXY4
_dOCLCO
_dNYP
_dIEP
_dMNE
_dTMI
_dDLC
050 0 0 _aPZ7.D5455
_bFl 2013
082 _aFic
100 1 _aDiCamillo, Kate,
_eauthor.
245 1 0 _aFlora & Ulysses :
_bthe illuminated adventures /
_cKate DiCamillo ; illustrated by K.G. Campbell.
246 3 _aFlora and Ulysses
250 _a1st ed.
260 _aSomerville, Mass. :
_bScholastic
_c2013
300 _a231 pages :
_billustrations ;
_c21 cm
500 _a"A Junior Library Guild Selection"--Jkt flap.
505 _aK
520 _aRescuing a squirrel after an accident involving a vacuum cleaner, comic-reading cynic Flora Belle Buckman is astonished when the squirrel, Ulysses, demonstrates astonishing powers of strength and flight after being revived.
521 _a520
_bLexile
521 _aK
_bRaz-Plus
650 0 _aSquirrels
_vJuvenile fiction.
650 0 _aGirls
_vJuvenile fiction.
650 0 _aSuperheroes
_vJuvenile fiction.
655 0 _aAdventure stories.
655 7 _aFantasy fiction.
_2gsafd
700 1 _aCampbell, K. G.
_q(Keith Gordon),
_d1966-
_eillustrator.
906 _a7
_bcbc
_ccopycat
_d2
_encip
_f20
_gy-gencatlg
942 _2ddc
_cBK
_n0
999 _c1570
_d1570